[Event "11th EUR-ch"]
[Site "Rijeka CRO"]
[Date "2010.03.16"]
[Round "10"]
[White "Bakalarz, Mieczyslaw"]
[Black "Iakemov, Vladimir"]
[Result "0-1"]
[WhiteElo "2300"]
[BlackElo "2463"]
[EventDate "2010.03.06"]
[PlyCount "73"]

1.d4 e6 2.e4 d5 3.Nc3 Nf6 4.Bg5 Bb4 5.e5 h6 6.Bc1 Ne4 7.Qg4 Kf8 8.Ne2 c5 
9.a3 h5 10.Qf4 Nxc3 11.axb4 Nxe2 12.Bxe2 cxd4 13.b5 Qb6 14.O-O Bd7 15.Qd2 
Kg8 16.b3 a6 17.Bb2 d3 18.Bxd3 Bxb5 19.Qb4 Nc6 20.Qxb5 axb5 21.Rxa8+ Nd8 
22.Rc8 d4 23.Ra1 f5 24.exf6 gxf6 25.Bxb5 Kg7 26.Bd3 Nf7 27.Rxh8 Nxh8 28.f4
Ng6 29.g3 e5 30.Re1 Qb4 31.Re2 exf4 32.Bxg6 Kxg6 33.gxf4 Kf5 34.Bc1 Qc5 
35.Rf2 Qc3 36.Kg2 d3 37.cxd3 0-1

[Event "11th EUR-ch"]
[Site "Rijeka CRO"]
[Date "2010.03.16"]
[Round "10"]
[White "Pesotskyi, Vitaly"]
[Black "Kalegin, Evgeny"]
[Result "0-1"]
[WhiteElo "2282"]
[BlackElo "2456"]
[EventDate "2010.03.06"]
[PlyCount "80"]

1.e4 c5 2.Nf3 e6 3.d4 cxd4 4.Nxd4 a6 5.Bd3 Bc5 6.Nb3 Ba7 7.Qe2 Nc6 8.Be3 
Nge7 9.Nc3 O-O 10.h4 Bxe3 11.Qxe3 d5 12.exd5 exd5 13.Qf4 Ng6 14.Qg3 Re8+ 
15.Be2 Bf5 16.O-O-O Rc8 17.Rxd5 Qf6 18.Bd1 Nb4 19.Rd6 Qe7 20.Nd4 Bd7 21.
Rb6 Ne5 22.Rxb7 Rxc3 23.bxc3 Nxa2+ 24.Kb1 Nc4 25.Nf5 Qf6 26.Qxg7+ Qxg7 27.
Nxg7 Nxc3+ 28.Kc1 Kxg7 29.h5 Be6 30.h6+ Kf6 31.Bf3 Rc8 32.Rh4 Rc5 33.Rb3 
Ne5 34.Ra3 a5 35.Kb2 Nb5 36.Raa4 Nc4+ 37.Kc1 Nc3 38.Ra1 Re5 39.Rh1 a4 40.
Bc6 a3 0-1

[Event "11th EUR-ch"]
[Site "Rijeka CRO"]
[Date "2010.03.16"]
[Round "10"]
[White "Dvirnyy, Danyyil"]
[Black "Djurovic, Goran"]
[Result "1-0"]
[WhiteElo "2450"]
[BlackElo "2276"]
[EventDate "2010.03.06"]
[PlyCount "107"]

1.e4 c5 2.Nf3 d6 3.d4 cxd4 4.Nxd4 Nf6 5.Nc3 a6 6.Bc4 e6 7.Bg5 Be7 8.Bb3 
Qa5 9.Bd2 Qc7 10.Be3 b5 11.Qe2 O-O 12.f3 Bb7 13.O-O-O b4 14.Na4 d5 15.exd5
Bxd5 16.Nf5 Bxb3 17.Nxe7+ Qxe7 18.Bc5 Qc7 19.axb3 Rc8 20.Bxb4 Nd5 21.Ba3 
Nc6 22.Kb1 Na5 23.Rd2 Qb8 24.Ka2 Rxc2 25.Rxc2 Qxb3+ 26.Kb1 Qxa4 27.Rhc1 
Qe8 28.Qd3 h6 29.Rc5 Qd8 30.Qc2 Ne3 31.Qc3 Nac4 32.Rxc4 Nxc4 33.Qxc4 Qg5 
34.Qe4 Rd8 35.f4 Qh4 36.h3 Qf2 37.Bc5 Qd2 38.Bb4 Qf2 39.Bc3 Qb6 40.Qe5 f6 
41.Ba5 fxe5 42.Bxb6 Rd2 43.fxe5 Rxg2 44.Rc6 Rh2 45.Rxe6 Rxh3 46.Re7 g5 47.
e6 g4 48.Re8+ Kh7 49.e7 Rh1+ 50.Kc2 Re1 51.Bc5 h5 52.Rf8 g3 53.e8=Q Rxe8 
54.Rxe8 1-0

[Event "11th EUR-ch"]
[Site "Rijeka CRO"]
[Date "2010.03.16"]
[Round "10"]
[White "Dimitrijevic, Darko"]
[Black "Vernay, Clovis"]
[Result "1/2-1/2"]
[WhiteElo "2272"]
[BlackElo "2440"]
[EventDate "2010.03.06"]
[PlyCount "124"]

1.c4 e5 2.g3 d6 3.Nc3 f5 4.Bg2 Nf6 5.d4 exd4 6.Qxd4 Nc6 7.Qd2 Ne5 8.b3 c6 
9.Bb2 Be7 10.Rd1 O-O 11.Nh3 Ne4 12.Qc2 Bf6 13.O-O Qa5 14.Kh1 Ng4 15.Rd3 
Be7 16.f3 Nc5 17.fxg4 Nxd3 18.Qxd3 fxg4 19.Rxf8+ Bxf8 20.Ng1 Bf5 21.e4 Bd7
22.Qd4 Qe5 23.Qd2 Qa5 24.Nge2 Be7 25.Nf4 Rf8 26.Nd3 Bg5 27.Qe2 Bf6 28.Qc2 
a6 29.a3 h5 30.b4 Qd8 31.c5 h4 32.gxh4 dxc5 33.Nxc5 Bc8 34.Qe2 Bxh4 35.e5 
Rf2 36.Qc4+ Kh8 37.Bc1 b5 38.Qb3 Qf8 39.Qd1 g3 40.Be3 Bh3 41.Bxh3 Rxh2+ 
42.Kg1 Rxh3 43.Qg4 Rh2 44.Ne6 Qf7 45.Ne4 Kg8 46.Nd6 Qd7 47.Bh6 Bd8 48.Be3 
Ra2 49.Qf5 Ra1+ 50.Kg2 Ra2+ 51.Kxg3 Rxa3 52.Kf2 Bh4+ 53.Ke2 Ra2+ 54.Kd1 a5
55.Qf8+ Kh7 56.Qf5+ Kg8 57.bxa5 b4 58.Bc1 Rxa5 59.Qf8+ Kh7 60.Qf5+ Kg8 61.
Qf8+ Kh7 62.Qf5+ Kg8 1/2-1/2

[Event "11th EUR-ch"]
[Site "Rijeka CRO"]
[Date "2010.03.16"]
[Round "10"]
[White "Bach, Adrian-Kalman"]
[Black "Butnorius, Algimantas"]
[Result "0-1"]
[WhiteElo "2251"]
[BlackElo "2437"]
[EventDate "2010.03.06"]
[PlyCount "56"]

1.e4 e5 2.Nf3 Nc6 3.Bb5 a6 4.Ba4 Nf6 5.O-O Be7 6.Re1 b5 7.Bb3 d6 8.c3 O-O 
9.h3 Nb8 10.d4 Nbd7 11.Nh4 Nb6 12.Nf5 Bxf5 13.exf5 exd4 14.cxd4 c5 15.Nd2 
Re8 16.Nf3 c4 17.Bc2 Nbd5 18.g4 h6 19.g5 hxg5 20.Nxg5 Rc8 21.Kh1 Bf8 22.
Rxe8 Qxe8 23.Bd2 Qc6 24.Kh2 c3 25.bxc3 Nxc3 26.Bxc3 Qxc3 27.Ne4 Nxe4 28.
Bxe4 Be7 0-1

[Event "11th EUR-ch"]
[Site "Rijeka CRO"]
[Date "2010.03.16"]
[Round "10"]
[White "Dragomirescu, Robin-Alexandru"]
[Black "Banikas, Hristos"]
[Result "1/2-1/2"]
[WhiteElo "2372"]
[BlackElo "2617"]
[EventDate "2010.03.06"]
[PlyCount "53"]

1.e4 c5 2.Nf3 e6 3.d4 cxd4 4.Nxd4 a6 5.Bd3 Bc5 6.Nb3 Be7 7.Qg4 Bf6 8.Qg3 
Nc6 9.Nc3 Nge7 10.Bf4 e5 11.Bg5 Bxg5 12.Qxg5 O-O 13.O-O-O d6 14.Bc4 b5 15.
Bd5 Nxd5 16.Qxd8 Rxd8 17.Nxd5 Be6 18.Nc7 Ra7 19.Nxe6 fxe6 20.Rd2 Kf8 21.
Rhd1 Ke7 22.Kb1 Rc7 23.Rd3 h6 24.Rg3 Rg8 25.Rgd3 Rd8 26.Rg3 Rg8 27.Rgd3 
1/2-1/2

[Event "11th EUR-ch"]
[Site "Rijeka CRO"]
[Date "2010.03.16"]
[Round "10"]
[White "Medvegy, Zoltan"]
[Black "Pavlidis, Antonios"]
[Result "1-0"]
[WhiteElo "2556"]
[BlackElo "2376"]
[EventDate "2010.03.06"]
[PlyCount "113"]

1.d4 d5 2.c4 c6 3.Nc3 Nf6 4.e3 e6 5.Nf3 Nbd7 6.Qc2 Bd6 7.b3 O-O 8.Be2 b6 
9.O-O Bb7 10.Bb2 Qe7 11.Rad1 Rad8 12.Rfe1 c5 13.cxd5 exd5 14.Bf1 Rfe8 15.
dxc5 bxc5 16.g3 Ne5 17.Nxe5 Bxe5 18.Ba3 Bxc3 19.Qxc3 Qe4 20.Qd3 d4 21.Qxe4
Nxe4 22.exd4 cxd4 23.h4 h5 24.Bb2 Re6 25.Bh3 Nd2 26.Bxe6 Nf3+ 27.Kf1 Nxe1 
28.Bxf7+ Kxf7 29.Kxe1 Re8+ 30.Kd2 Bf3 31.Re1 Rxe1 32.Kxe1 d3 33.Kd2 Be2 
34.Ke3 g6 35.Bd4 a6 36.Bc3 Ke6 37.Ke4 Kd6 38.Kd4 Bf1 39.Bd2 Be2 40.Ke4 Ke6
41.Kf4 Bd1 42.f3 Kd5 43.Bc3 Be2 44.g4 Bd1 45.gxh5 gxh5 46.Ke3 Bc2 47.Bd2 
Bb1 48.a3 Bc2 49.b4 Bd1 50.f4 Bc2 51.Be1 Ke6 52.Bd2 Kf5 53.Kd4 Kg4 54.Kc4 
Bb1 55.a4 Ba2+ 56.Kc5 Kxh4 57.b5 1-0

[Event "11th EUR-ch"]
[Site "Rijeka CRO"]
[Date "2010.03.16"]
[Round "10"]
[White "Mazi, Leon"]
[Black "Holzke, Frank"]
[Result "0-1"]
[WhiteElo "2375"]
[BlackElo "2526"]
[EventDate "2010.03.06"]
[PlyCount "86"]

1.e4 c5 2.Nf3 d6 3.d4 cxd4 4.Nxd4 Nf6 5.Nc3 a6 6.Bg5 e6 7.f4 Qc7 8.Bxf6 
gxf6 9.Be2 Nc6 10.Nb3 b5 11.a3 Qb6 12.Qd2 h5 13.h4 Bd7 14.Bf3 Rc8 15.Ne2 
b4 16.a4 Na5 17.Nxa5 Qxa5 18.b3 f5 19.Rd1 fxe4 20.Bxe4 f5 21.Qd4 Rh6 22.
Bd3 Bc6 23.Rh3 Bxg2 24.Rg3 Bb7 25.Rg8 Kf7 26.Qg1 Qd8 27.Kd2 Qxh4 28.Qb6 
Qe7 29.Rdg1 Rh7 30.Bxa6 Bxa6 31.Qxa6 Qc7 32.c3 bxc3+ 33.Kc2 Qc6 34.Qa7+ 
Rc7 35.Qb8 Rc8 36.Qa7+ Rc7 37.Qb8 Qe4+ 38.Kc1 Qe3+ 39.Kb1 c2+ 40.Ka2 c1=N+
41.Nxc1 Rc2+ 42.Ka3 Qc5+ 43.Qb4 Rxc1 0-1

[Event "11th EUR-ch"]
[Site "Rijeka CRO"]
[Date "2010.03.16"]
[Round "10"]
[White "Schiendorfer, Emanuel"]
[Black "Janssen, Ruud"]
[Result "0-1"]
[WhiteElo "2340"]
[BlackElo "2516"]
[EventDate "2010.03.06"]
[PlyCount "66"]

1.d4 Nf6 2.c4 e6 3.Nf3 a6 4.Bg5 h6 5.Bxf6 Qxf6 6.Nc3 g6 7.g3 Bg7 8.Bg2 O-O
9.O-O d6 10.Qc2 Nd7 11.Rad1 Rb8 12.e3 Qe7 13.b4 b5 14.cxb5 axb5 15.d5 e5 
16.e4 f5 17.Nh4 Qf7 18.Bh3 Bf6 19.Ng2 Bg5 20.f4 exf4 21.Nxf4 Ne5 22.Ne6 
Bxe6 23.dxe6 Qxe6 24.exf5 Qc4 25.Bg2 Kg7 26.Bd5 Qxb4 27.Ne4 c6 28.Bxc6 
Rbc8 29.Rxd6 gxf5 30.a3 Qxa3 31.Re6 fxe4 32.Rxe5 Rxf1+ 33.Kxf1 Qa1+ 0-1

[Event "11th EUR-ch"]
[Site "Rijeka CRO"]
[Date "2010.03.16"]
[Round "10"]
[White "Sarbok, Torsten"]
[Black "Gasanov, Eldar"]
[Result "1/2-1/2"]
[WhiteElo "2319"]
[BlackElo "2514"]
[EventDate "2010.03.06"]
[PlyCount "56"]

1.e4 c5 2.Nf3 Nc6 3.d4 cxd4 4.Nxd4 Nf6 5.Nc3 d6 6.Be2 g6 7.Be3 Bg7 8.O-O 
O-O 9.Qd2 Bd7 10.f3 a6 11.Nxc6 Bxc6 12.Nd5 Bxd5 13.exd5 Rc8 14.c4 Nd7 15.
Rac1 a5 16.Rfe1 Nc5 17.Bf1 Re8 18.Rc2 Qb6 19.Kh1 Bf6 20.b3 Ra8 21.Rb1 Qc7 
22.Qf2 Ra7 23.g3 Rb8 24.Bh3 b6 25.Qd2 Qb7 26.a4 Re8 27.Kg2 Raa8 28.Qd1 
Rad8 1/2-1/2

[Event "11th EUR-ch"]
[Site "Rijeka CRO"]
[Date "2010.03.16"]
[Round "10"]
[White "Llaneza Vega, Marcos"]
[Black "Schmidt, Raul"]
[Result "0-1"]
[WhiteElo "2514"]
[BlackElo "2387"]
[EventDate "2010.03.06"]
[PlyCount "58"]

1.e4 e6 2.d4 d5 3.Nc3 dxe4 4.Nxe4 Nd7 5.Bd3 Ngf6 6.Qe2 b6 7.Nf3 Bb7 8.Neg5
Qe7 9.Ne5 Nxe5 10.dxe5 Nd7 11.O-O h6 12.Be4 c6 13.Nf3 Nc5 14.Rd1 Qc7 15.c3
Nxe4 16.Qxe4 Rd8 17.Be3 Be7 18.Qg4 Kf8 19.a4 c5 20.b4 g6 21.h4 Kg7 22.h5 
g5 23.bxc5 bxc5 24.Re1 Rd3 25.Qc4 Qd7 26.Rab1 Rd8 27.Qg4 Rxc3 28.Bxg5 Kh7 
29.Bxh6 Rg8 0-1

[Event "11th EUR-ch"]
[Site "Rijeka CRO"]
[Date "2010.03.16"]
[Round "10"]
[White "Berczes, David"]
[Black "Slavin, Alexei"]
[Result "1/2-1/2"]
[WhiteElo "2510"]
[BlackElo "2368"]
[EventDate "2010.03.06"]
[PlyCount "51"]

1.d4 Nf6 2.Nf3 e6 3.c4 Bb4+ 4.Nbd2 b6 5.a3 Bxd2+ 6.Qxd2 Bb7 7.e3 O-O 8.Be2
a5 9.b3 Ne4 10.Qc2 f5 11.O-O d6 12.Bb2 Nd7 13.d5 exd5 14.cxd5 Bxd5 15.Rad1
Bf7 16.Nd4 g6 17.g4 Qh4 18.gxf5 Ne5 19.f4 Bd5 20.Ne6 Ng4 21.Bf3 Bxb3 22.
Qe2 Bc4 23.Qc2 Bb3 24.Qe2 Bc4 25.Qc2 Bb3 26.Qe2 1/2-1/2

[Event "11th EUR-ch"]
[Site "Rijeka CRO"]
[Date "2010.03.16"]
[Round "10"]
[White "Berescu, Alin-Mile"]
[Black "Valsecchi, Alessio"]
[Result "1/2-1/2"]
[WhiteElo "2486"]
[BlackElo "2360"]
[EventDate "2010.03.06"]
[PlyCount "120"]

1.b3 e5 2.Bb2 Nc6 3.e3 Nf6 4.Bb5 d6 5.d4 Bd7 6.Nf3 e4 7.Nfd2 h5 8.d5 Ne5 
9.Bxd7+ Qxd7 10.Nc3 Qf5 11.Qe2 a6 12.O-O-O h4 13.f4 exf3 14.gxf3 O-O-O 15.
e4 Qh5 16.Qf2 Kb8 17.f4 Neg4 18.Qd4 h3 19.Nc4 Qh6 20.Rdf1 Nd7 21.Na5 Re8 
22.Qb4 Nc5 23.Kb1 Nf6 24.e5 Nfd7 25.Ne4 dxe5 26.Nxc5 Nxc5 27.fxe5 Qb6 28.
Qd2 Ne4 29.Qe1 Nf6 30.Nc4 Qc5 31.Qg3 Nxd5 32.Rxf7 b5 33.Na5 Qb6 34.Qf3 Rd8
35.Rd1 Qxa5 36.c4 bxc4 37.bxc4 Nc3+ 38.Bxc3 Bb4 39.Rxd8+ Rxd8 40.Bxb4 
Qxb4+ 41.Qb3 Rd1+ 42.Kc2 Rd2+ 43.Kc1 Qxb3 44.axb3 Rxh2 45.e6 Re2 46.Rf8+ 
Kb7 47.Rh8 g5 48.Rxh3 Rxe6 49.Rg3 Rg6 50.Kd2 Kc6 51.b4 Kd6 52.Ra3 Ke5 53.
Ke3 Kf5 54.Kf3 g4+ 55.Kg3 Ke4 56.b5 axb5 57.cxb5 Kd5 58.Rc3 Rg7 59.Rc6 Ke5
60.b6 cxb6 1/2-1/2

[Event "11th EUR-ch"]
[Site "Rijeka CRO"]
[Date "2010.03.16"]
[Round "10"]
[White "Boros, Denes"]
[Black "Grimberg, Boris"]
[Result "1-0"]
[WhiteElo "2485"]
[BlackElo "2352"]
[EventDate "2010.03.06"]
[PlyCount "161"]

1.e4 g6 2.d4 Bg7 3.Nf3 d6 4.Bc4 Nf6 5.Qe2 O-O 6.O-O c6 7.Bb3 Qc7 8.e5 dxe5
9.Nxe5 Nbd7 10.Nd3 Nb6 11.Bf4 Qd8 12.c3 Nbd5 13.Be5 Nd7 14.Bg3 b6 15.Nd2 
Bb7 16.Rfe1 Re8 17.Ne4 h6 18.Rad1 N7f6 19.Nd2 Nh5 20.Be5 Bxe5 21.dxe5 Ng7 
22.Qf3 Qc8 23.Nf4 Ne6 24.Nxd5 cxd5 25.Bxd5 Ng5 26.Qd3 Bxd5 27.Qxd5 Qg4 28.
Kh1 Red8 29.Qc4 Qf5 30.Qe2 Qc2 31.h4 Ne6 32.Nf3 Qa4 33.b3 Qg4 34.Qe4 Nf4 
35.g3 Qh3+ 36.Nh2 Ne6 37.Qg4 Qxg4 38.Nxg4 h5 39.Ne3 Nc5 40.Nd5 e6 41.Nf6+ 
Kg7 42.Kg1 Nd3 43.Re3 Nxe5 44.Rxd8 Rxd8 45.Nxh5+ gxh5 46.Rxe5 Rd2 47.a4 
Kg6 48.Rg5+ Kh6 49.Rb5 Rb2 50.Kg2 Kg6 51.Kf3 f5 52.Ke3 Kf6 53.c4 e5 54.b4 
Rb3+ 55.Ke2 Rb2+ 56.Kf1 e4 57.c5 Rb1+ 58.Ke2 bxc5 59.bxc5 Ra1 60.Ra5 Rc1 
61.Kd2 Rc4 62.Ke3 Rc2 63.Ra6+ Ke5 64.a5 Rc3+ 65.Kd2 Rf3 66.Ke2 Kd5 67.Rxa7
f4 68.Rf7 Ra3 69.Rxf4 Ra4 70.Rf5+ Kd4 71.Kf1 Ra2 72.Rxh5 e3 73.fxe3+ Kxe3 
74.Rf5 Rh2 75.Kg1 Rc2 76.h5 Ke4 77.g4 Ke3 78.h6 Rc4 79.Kh2 Rxg4 80.Rh5 Kf2
81.h7 1-0

[Event "11th EUR-ch"]
[Site "Rijeka CRO"]
[Date "2010.03.16"]
[Round "10"]
[White "Rasulov, Vugar Ural Oglu"]
[Black "Onoprienko, Vladimir"]
[Result "1/2-1/2"]
[WhiteElo "2457"]
[BlackElo "2346"]
[EventDate "2010.03.06"]
[PlyCount "54"]

1.e4 e5 2.Nf3 Nc6 3.Bb5 f5 4.d3 fxe4 5.dxe4 Nf6 6.O-O Bc5 7.Bc4 d6 8.h3 
Qe7 9.Nc3 Be6 10.Nd5 Bxd5 11.exd5 Nd4 12.Nxd4 Bxd4 13.c3 Bb6 14.Bb5+ Kf7 
15.Bg5 Rhf8 16.a4 a5 17.Bd3 Kg8 18.Bf5 h6 19.Bh4 g5 20.Bg3 Kg7 21.Kh1 Qf7 
22.Bg4 Qg6 23.Be2 Ne4 24.Bd3 Nxg3+ 25.fxg3 e4 26.Be2 Rxf1+ 27.Qxf1 Rf8 
1/2-1/2

[Event "11th EUR-ch"]
[Site "Rijeka CRO"]
[Date "2010.03.16"]
[Round "10"]
[White "Sandalakis, Angelos"]
[Black "Potapov, Alexander"]
[Result "1-0"]
[WhiteElo "2319"]
[BlackElo "2446"]
[EventDate "2010.03.06"]
[PlyCount "85"]

1.e4 c5 2.Nf3 d6 3.d4 cxd4 4.Nxd4 Nf6 5.Nc3 a6 6.Be2 e5 7.Nb3 Be7 8.O-O 
Nbd7 9.a4 Qc7 10.a5 b5 11.axb6 Nxb6 12.Qd3 O-O 13.Be3 Rd8 14.Kh1 Rb8 15.
Na5 Be6 16.Qxa6 Rdc8 17.Nb5 Qxc2 18.Na7 Re8 19.Bd3 Bc8 20.Qb5 Qc7 21.N7c6 
Bd7 22.Rfc1 Bd8 23.Qb4 d5 24.Nxb8 Qxb8 25.Nc6 Bxc6 26.Rxc6 dxe4 27.Bxe4 
Nxe4 28.Qxe4 Nd7 29.Qc2 Be7 30.Rc1 Nf8 31.Rb6 Qd8 32.Rd1 Qa8 33.b4 Rc8 34.
Qb3 Ng6 35.f3 e4 36.f4 Nh4 37.b5 Nf5 38.Ra6 Qb8 39.b6 Nxe3 40.Qxe3 Bc5 41.
Qb3 Qxf4 42.b7 Rf8 43.Qg3 1-0

[Event "11th EUR-ch"]
[Site "Rijeka CRO"]
[Date "2010.03.16"]
[Round "10"]
[White "Zufic, Miroslav"]
[Black "Ramesa, Davor"]
[Result "1-0"]
[WhiteElo "2445"]
[BlackElo "2339"]
[EventDate "2010.03.06"]
[PlyCount "94"]

1.e4 c5 2.Nf3 e6 3.d4 cxd4 4.Nxd4 Nc6 5.Nc3 a6 6.Nxc6 bxc6 7.Bd3 d5 8.O-O 
Nf6 9.Re1 Be7 10.e5 Nd7 11.Qg4 g6 12.Bh6 Rb8 13.Rab1 Qc7 14.Qg3 Nc5 15.Bf1
a5 16.a3 Ba6 17.Bxa6 Nxa6 18.Qf4 Rb7 19.Bg7 Rg8 20.Qh6 Bf8 21.Bxf8 Rxf8 
22.Qxh7 Nc5 23.Qh3 Nd7 24.Qe3 c5 25.Qg3 Qb8 26.b3 Rh8 27.a4 Rb4 28.Nb5 
Rbh4 29.h3 Kf8 30.Re3 R4h5 31.Rbe1 Kg7 32.f4 Nb6 33.Nd6 Nc8 34.Nxc8 Rxc8 
35.Qf2 d4 36.Rf3 Rh7 37.g4 Rch8 38.Kh2 Kg8 39.f5 gxf5 40.gxf5 exf5 41.Rg3+
Rg7 42.Rxg7+ Kxg7 43.Rg1+ Kf8 44.Qg3 Ke7 45.Qg5+ Ke6 46.Qf6+ Kd5 47.Re1 
Qc7 1-0

[Event "11th EUR-ch"]
[Site "Rijeka CRO"]
[Date "2010.03.16"]
[Round "10"]
[White "Medancic, Rikard"]
[Black "Baumegger, Siegfried"]
[Result "0-1"]
[WhiteElo "2311"]
[BlackElo "2442"]
[EventDate "2010.03.06"]
[PlyCount "126"]

1.d4 Nf6 2.c4 e6 3.Nf3 b6 4.Nc3 Bb4 5.Bg5 Bb7 6.Nd2 h6 7.Bh4 Nc6 8.e3 Bxc3
9.bxc3 g5 10.Bg3 d6 11.f3 Qe7 12.e4 O-O-O 13.Qa4 Kb8 14.O-O-O Nh5 15.Bf2 
f5 16.Re1 Qf7 17.exf5 exf5 18.Qc2 Rde8 19.g3 Rxe1+ 20.Bxe1 Ne7 21.Bd3 c5 
22.dxc5 dxc5 23.Rf1 Ng7 24.g4 f4 25.h4 Rd8 26.Be4 Bxe4 27.Qxe4 Qf6 28.hxg5
hxg5 29.Kc2 Ne8 30.Bf2 Nd6 31.Qe2 Qg6+ 32.Kc1 Nc6 33.Rd1 Re8 34.Ne4 Nxe4 
35.Qc2 Qe6 36.fxe4 Qxc4 37.Rd6 Rxe4 38.Rxc6 Re2 39.Qb3 Qxb3 40.axb3 Rxf2 
41.Rg6 f3 42.Rxg5 Re2 43.Kd1 Rb2 44.Rf5 Rxb3 45.Rxf3 Rb1+ 46.Ke2 Rg1 47.
Rf4 Kc7 48.Kf2 Rc1 49.c4 Kd6 50.Re4 Rh1 51.Kg2 Rd1 52.Kf3 Rf1+ 53.Kg2 Rf8 
54.Kg3 a6 55.g5 b5 56.Kg4 b4 57.Re3 a5 58.g6 a4 59.Rd3+ Kc6 60.Rf3 Rg8 61.
Rf6+ Kb7 62.Rf7+ Kb6 63.Rf6+ Ka5 0-1

[Event "11th EUR-ch"]
[Site "Rijeka CRO"]
[Date "2010.03.16"]
[Round "10"]
[White "Popilski, Gil"]
[Black "Voiteanu, Gabriel"]
[Result "1-0"]
[WhiteElo "2441"]
[BlackElo "2254"]
[EventDate "2010.03.06"]
[PlyCount "79"]

1.e4 e5 2.Bc4 Nf6 3.d3 d5 4.exd5 Nxd5 5.Nf3 Nc6 6.O-O Be7 7.Re1 Bg4 8.h3 
Bxf3 9.Qxf3 Nd4 10.Qxd5 Qxd5 11.Bxd5 Nxc2 12.Re2 Nxa1 13.Bxb7 Rd8 14.Bc6+ 
Kf8 15.Nc3 f6 16.Bb5 Bb4 17.Ne4 h6 18.g4 h5 19.b3 hxg4 20.hxg4 Rh4 21.Bb2 
Rxg4+ 22.Kf1 Ke7 23.Ng3 Rh8 24.Bc6 Kd6 25.Bg2 Nxb3 26.axb3 Rf4 27.Bc1 Rfh4
28.Nf5+ Kd7 29.Nxh4 Rxh4 30.Re4 Rxe4 31.dxe4 g6 32.Be3 a5 33.Ke2 Kc6 34.
Kd3 Kb5 35.Bh3 c6 36.Be6 Be1 37.Bc4+ Kb4 38.Bf7 f5 39.Bd2+ Bxd2 40.Kxd2 
1-0

[Event "11th EUR-ch"]
[Site "Rijeka CRO"]
[Date "2010.03.16"]
[Round "10"]
[White "Tosic, Miroslav"]
[Black "Wittmann, Walter"]
[Result "1/2-1/2"]
[WhiteElo "2439"]
[BlackElo "2302"]
[EventDate "2010.03.06"]
[PlyCount "131"]

1.Nf3 c5 2.c4 Nc6 3.g3 g6 4.Bg2 Bg7 5.Nc3 d6 6.a3 a5 7.O-O e5 8.d3 Nge7 9.
Rb1 O-O 10.Ne1 Be6 11.Nd5 Rb8 12.Nc2 b5 13.Nce3 f5 14.Bd2 h6 15.cxb5 Rxb5 
16.Nxe7+ Nxe7 17.Nc4 d5 18.a4 Rb8 19.Bxa5 Qd7 20.Na3 Ra8 21.Bd2 Rxa4 22.
Qc1 Nc6 23.Bxh6 Na5 24.Re1 Nb3 25.Qd1 Rb8 26.Bxg7 Kxg7 27.e3 Qa7 28.Qc2 
Qa5 29.Red1 Qa7 30.Qc3 d4 31.Qc2 Rab4 32.Qe2 Qc7 33.Re1 Bf7 34.Nc2 R4b5 
35.Bf1 dxe3 36.fxe3 Qd7 37.Na3 R5b6 38.Qc2 Qa7 39.Qc3 Ra6 40.Nc2 Rab6 41.
Bg2 Kg8 42.Na3 Rb4 43.Rbd1 Qc7 44.Re2 Na5 45.Rc1 c4 46.dxc4 Nxc4 47.Rec2 
Qd6 48.Nxc4 Rxc4 49.Qe1 Rxc2 50.Rxc2 Qb6 51.Qf2 Re8 52.h3 Qd6 53.Kh2 Kg7 
54.Qe1 Rb8 55.e4 Rb3 56.Rd2 Qc5 57.exf5 gxf5 58.Re2 e4 59.Qd2 Qe5 60.Qf4 
Qf6 61.g4 fxg4 62.Qxg4+ Bg6 63.Rxe4 Qb6 64.Kh1 Rxb2 65.Re1 Rb4 66.Qg5 
1/2-1/2

[Event "11th EUR-ch"]
[Site "Rijeka CRO"]
[Date "2010.03.16"]
[Round "10"]
[White "Kunze, Carlo"]
[Black "Azaladze, Shota"]
[Result "1/2-1/2"]
[WhiteElo "2306"]
[BlackElo "2433"]
[EventDate "2010.03.06"]
[PlyCount "169"]

1.d4 g6 2.e4 Bg7 3.Nc3 c6 4.Bc4 d5 5.exd5 b5 6.Bb3 b4 7.Na4 cxd5 8.Nc5 Nf6
9.Nf3 O-O 10.O-O Nbd7 11.Nd3 Ba6 12.a3 bxa3 13.Rxa3 Bb5 14.Re1 e6 15.c3 
Nb6 16.Bc2 Ne4 17.Nf4 a5 18.h4 a4 19.Ng5 Nc4 20.Ra1 a3 21.b3 Nb2 22.Qf3 
Nxg5 23.hxg5 Qc7 24.Bd2 Rfc8 25.Rec1 Qd8 26.g3 Qxg5 27.Kg2 Qd8 28.Rh1 Qf6 
29.Qg4 a2 30.Rhe1 Qd8 31.Re3 Bxd4 32.Nxe6 Bxe3 33.Nxd8 Bxd2 34.Nxf7 Kxf7 
35.Rh1 Rh8 36.Qd4 Bc6 37.Qxd2 a1=Q 38.Qf4+ Ke6 39.Rxa1 Rxa1 40.Qc7 Ba8 41.
f4 Re8 42.f5+ gxf5 43.Qxh7 d4+ 44.Kf2 d3 45.Qg6+ Kd7 46.Qxf5+ Re6 47.Qf7+ 
Re7 48.Qf5+ Ke8 49.Qc8+ Kf7 50.Qf5+ Kg8 51.Qc8+ Kg7 52.Qg4+ Kf6 53.Qf4+ 
Ke6 54.Qg4+ Kd6 55.Qf4+ Kd7 56.Qf5+ Re6 57.Qf7+ Kd6 58.Qf8+ Kc6 59.Qc8+ 
Kd5 60.Qd7+ Rd6 61.Qb5+ Ke6 62.Qe8+ Kf5 63.Qh5+ Kf6 64.Qh4+ Ke6 65.Qg4+ 
Kf7 66.Qh5+ Ke7 67.Qe5+ Kd7 68.Qf5+ Kc7 69.Qf7+ Kb6 70.Qe7 Rc6 71.Qd8+ Rc7
72.Qd4+ Kb7 73.Qb4+ Ka6 74.Qd6+ Rc6 75.Bxd3+ Nxd3+ 76.Qxd3+ Kb7 77.Qd7+ 
Rc7 78.Qd5+ Ka7 79.Qd4+ Ka6 80.Qd3+ Kb7 81.Qd5+ Kb8 82.Qd8+ Rc8 83.Qd6+ 
Rc7 84.Qd8+ Kb7 85.Qd5+ 1/2-1/2

[Event "11th EUR-ch"]
[Site "Rijeka CRO"]
[Date "2010.03.16"]
[Round "10"]
[White "Kurmann, Oliver"]
[Black "Baghdasarian, Vahe"]
[Result "0-1"]
[WhiteElo "2432"]
[BlackElo "2284"]
[EventDate "2010.03.06"]
[PlyCount "82"]

1.e4 c5 2.Nf3 e6 3.d4 cxd4 4.Nxd4 Nc6 5.Nc3 a6 6.Nxc6 bxc6 7.Bd3 d5 8.O-O 
Nf6 9.Qf3 Bb7 10.Bf4 d4 11.Nb1 c5 12.Nd2 Nd7 13.Nc4 Qf6 14.Qg3 Qg6 15.Qf3 
Qf6 16.Na5 g5 17.Bd2 Qxf3 18.gxf3 Ne5 19.Bxg5 Rg8 20.Kh1 Nxd3 21.cxd3 Rxg5
22.Nxb7 c4 23.b4 cxb3 24.Rfb1 Rb5 25.Rxb3 Ra7 26.Na5 Rxa5 27.Rb8+ Ke7 28.
Rg1 Rc7 29.f4 Bh6 30.Rg4 Rxa2 31.Kg2 Rcc2 32.Rb7+ Kd6 33.e5+ Kc6 34.Rxf7 
Rxf2+ 35.Kh3 Rxh2+ 36.Kg3 Rhg2+ 37.Kf3 Rxg4 38.Kxg4 Rf2 39.Re7 Bxf4 40.
Rxe6+ Kd5 41.Rxa6 Bxe5 0-1

[Event "11th EUR-ch"]
[Site "Rijeka CRO"]
[Date "2010.03.16"]
[Round "10"]
[White "Feher, Adam"]
[Black "Potapov, Pavel"]
[Result "0-1"]
[WhiteElo "2260"]
[BlackElo "2427"]
[EventDate "2010.03.06"]
[PlyCount "82"]

1.e4 e5 2.Nf3 Nc6 3.Bb5 Nd4 4.Nxd4 exd4 5.O-O Bc5 6.d3 c6 7.Bc4 d5 8.exd5 
cxd5 9.Bb5+ Kf8 10.Ba4 Ne7 11.Re1 a5 12.c3 Ra6 13.cxd4 Bxd4 14.Bg5 f6 15.
Bc1 Qb6 16.Qc2 Kf7 17.Nc3 Be6 18.Nb5 Be5 19.d4 Bb8 20.b3 Nf5 21.Qd3 g6 22.
Ba3 h5 23.Re2 Qd8 24.Rae1 h4 25.Nc3 Qc7 26.g3 hxg3 27.fxg3 Rh3 28.Rxe6 
Rxe6 29.Rxe6 Kxe6 30.Qe2+ Kf7 31.Qe8+ Kg7 32.Nxd5 Rxg3+ 33.Kf1 Rf3+ 34.Ke1
Qf7 35.Qe4 Rd3 36.Qxd3 Qxd5 37.Bc5 Qh1+ 38.Ke2 Qxh2+ 39.Kd1 Bf4 40.d5 Qh1+
41.Ke2 Ng3+ 0-1

[Event "11th EUR-ch"]
[Site "Rijeka CRO"]
[Date "2010.03.16"]
[Round "10"]
[White "Ris, Robert"]
[Black "Juranic, Bruno"]
[Result "1-0"]
[WhiteElo "2422"]
[BlackElo "2220"]
[EventDate "2010.03.06"]
[PlyCount "59"]

1.d4 Nf6 2.c4 e6 3.g3 Bb4+ 4.Bd2 c5 5.Bg2 Bxd2+ 6.Qxd2 cxd4 7.Nf3 d5 8.
cxd5 Qxd5 9.Qxd4 Nc6 10.Qa4 Bd7 11.Nc3 Qh5 12.Qa3 b5 13.Qd6 b4 14.Na4 Ne4 
15.Qd3 f5 16.Rc1 Rd8 17.Nc5 Nxc5 18.Rxc5 O-O 19.O-O Rfe8 20.Qc4 Qf7 21.Rd1
e5 22.Qh4 Qf6 23.Ng5 h6 24.Bd5+ Be6 25.Bxe6+ Rxe6 26.Rxd8+ Nxd8 27.Nxe6 
Nxe6 28.Qxf6 gxf6 29.Ra5 f4 30.gxf4 1-0

[Event "11th EUR-ch"]
[Site "Rijeka CRO"]
[Date "2010.03.16"]
[Round "10"]
[White "Buss, Ralph"]
[Black "Civric, Zdravko"]
[Result "1-0"]
[WhiteElo "2416"]
[BlackElo "2207"]
[EventDate "2010.03.06"]
[PlyCount "121"]

1.Nf3 c5 2.c4 g6 3.e4 Bg7 4.d4 cxd4 5.Nxd4 Nc6 6.Be3 Nf6 7.Nc3 d6 8.Be2 
O-O 9.O-O Nxd4 10.Bxd4 Be6 11.Qd2 Qa5 12.Rad1 Rfc8 13.b3 Qd8 14.f4 Ne8 15.
f5 Bd7 16.Bxg7 Kxg7 17.fxg6 hxg6 18.e5 Be6 19.Qf4 Qb6+ 20.Kh1 dxe5 21.
Qxe5+ Nf6 22.Ne4 Qc7 23.Nd6 exd6 24.Qxf6+ Kg8 25.Rd4 Qd8 26.Qxd8+ Rxd8 27.
Rfd1 Kf8 28.Bf3 Rab8 29.Rxd6 Rxd6 30.Rxd6 Ke7 31.Rd4 b6 32.Kg1 Kf6 33.Kf2 
Ke5 34.Ke3 Rh8 35.h4 Rc8 36.Bd5 Rh8 37.Re4+ Kf6 38.Bxe6 fxe6 39.Rf4+ Ke7 
40.g3 e5 41.Rf2 Ke6 42.b4 Rc8 43.Rc2 Kf5 44.c5 bxc5 45.bxc5 Rc7 46.c6 Ke6 
47.Ke4 Kd6 48.g4 Ke6 49.h5 gxh5 50.gxh5 a5 51.a4 Kd6 52.h6 Ke6 53.h7 Rc8 
54.Rh2 Rh8 55.Rh6+ Kf7 56.Kxe5 Kg7 57.Rh4 Re8+ 58.Kd6 Kh8 59.c7 Rf8 60.Kc6
Rf6+ 61.Kb7 1-0

[Event "11th EUR-ch"]
[Site "Rijeka CRO"]
[Date "2010.03.16"]
[Round "10"]
[White "Tate, Alan"]
[Black "Barle, Janez"]
[Result "1/2-1/2"]
[WhiteElo "2215"]
[BlackElo "2415"]
[EventDate "2010.03.06"]
[PlyCount "145"]

1.e4 c5 2.Nf3 a6 3.c3 d5 4.exd5 Qxd5 5.d4 Nf6 6.Be3 cxd4 7.cxd4 e6 8.Nc3 
Qd6 9.Bd3 Be7 10.O-O O-O 11.Rc1 Nc6 12.a3 Rd8 13.Ne4 Nxe4 14.Bxe4 Bf6 15.
Qc2 h6 16.Bxc6 bxc6 17.Rfd1 Bb7 18.h3 Qd5 19.Qc5 a5 20.Rd2 a4 21.Rdc2 Ra5 
22.Qb4 Rb5 23.Qc4 Ra8 24.Qxd5 cxd5 25.Bd2 Rb3 26.Bb4 Ba6 27.Rd2 Rxf3 28.
gxf3 Bg5 29.Rc6 Bxd2 30.Bxd2 Kh7 31.Kg2 Kg6 32.Kg3 Bf1 33.h4 Re8 34.Kg4 
Kh7 35.Rc5 Bc4 36.f4 f6 37.Rc7 h5+ 38.Kg3 Kg6 39.Bb4 Rg8 40.Kf3 Bb3 41.Ke3
Kf5 42.f3 g5 43.fxg5 fxg5 44.hxg5 Rxg5 45.Rh7 Kg6 46.Re7 Kf6 47.Rh7 Bc2 
48.Be7+ Kg6 49.Bxg5 Kxh7 50.Kf4 Kg6 51.Bh4 Bd1 52.Bd8 Kf7 53.Bh4 Ke8 54.
Ke3 Kd7 55.Kf4 Kd6 56.Be1 Kc6 57.Ke5 Kb5 58.Kxe6 Kc4 59.Ke5 Bxf3 60.Kf4 
Bd1 61.Bc3 h4 62.Ke3 h3 63.Kf2 Be2 64.Kg3 Bf1 65.Kh2 Kd3 66.Kg1 Bg2 67.Kh2
Ke3 68.Kg1 Kf3 69.Be1 Ke2 70.Bc3 Ke3 71.Kh2 Kf2 72.Bd2 Bf1 73.Bc3 1/2-1/2